US States with greater population than London - Statistics

General Stats
  • This quiz has been taken 59 times
  • The average score is 10 of 11
Answer Stats
Hint Answer % Correct
39.2 mill California
100%
20.6 mill Florida
100%
27.8 mill Texas
100%
19.7 mill New York
98%
12.8 mill Illinois
96%
11.6 mill Ohio
91%
10.3 mill Georgia
88%
9.9 mill Michigan
88%
12.8 mill Pennsylvania
88%
8.9 mill New Jersey
86%
10.1 mill North Carolina
79%
No matching quizzes found
Score Distribution
Percent of People with Each Score
Percentile by Number Answered
Your Score History
You have not taken this quiz